Investigación y Ciencia (Record no. 2003)
[ view plain ]
| 000 -CABECERA | |
|---|---|
| campo de control de longitud fija | 00535cas a22001932a 4500 |
| 001 - NÚMERO DE CONTROL | |
| campo de control | 000059 |
| 003 - IDENTIFICADOR DEL NÚMERO DE CONTROL | |
| campo de control | AR-FADEU |
| 005 - FECHA Y HORA DE LA ÚLTIMA TRANSACCIÓN | |
| campo de control | 20190910112431.0 |
| 008 - DATOS DE LONGITUD FIJA--INFORMACIÓN GENERAL | |
| campo de control de longitud fija | 311216n############xxu####################dd |
| 022 ## - NÚMERO INTERNACIONAL NORMALIZADO PARA PUBLICACIONES SERIADAS | |
| Número Internacional Normalizado para Publicaciones Seriadas | 0210-136X |
| 040 ## - FUENTE DE LA CATALOGACIÓN | |
| Centro/agencia transcriptor | Biblioteca Ernesto Sábato |
| 092 ## - SIGNATURA TOPOGRÁFICA | |
| Número de clasificación | PP(001) |
| Libristica | SCI |
| 245 ## - MENCIÓN DE TÍTULO | |
| Título | Investigación y Ciencia |
| 260 ## - PUBLICACIÓN, DISTRIBUCIÓN, ETC. (PIE DE IMPRENTA) | |
| Nombre del editor, distribuidor, etc. | Scientific American |
| 260 ## - PUBLICACIÓN, DISTRIBUCIÓN, ETC. (PIE DE IMPRENTA) | |
| Lugar de publicación, distribución, etc. | New York |
| 300 ## - DESCRIPCIÓN FÍSICA | |
| Otras características físicas | 1978 (jun); 1985 (sep); 1990 (170); 2010 (nov.) |
| 500 ## - NOTA GENERAL | |
| Nota general | Edición en español de Scientific American |
| 942 ## - ELEMENTOS DE PUNTO DE ACCESO ADICIONAL (KOHA) | |
| Tipo de ítem Koha | PPGR |
| Fuente del sistema de clasificación o colocación | Dewey Decimal Classification |
No items available.